Postwar trends in U.S. forest products trade : a global, national, and regional view /

Bibliographic Details
Main Author: Sedjo, Roger A.
Other Authors: Radcliffe, Samuel J.
Format: Book
Language:English
Published: Washington, D.C. : Resources for the Future ; 1981.
Series:RFF research paper ; R-22.
Subjects:

MARC

Tag First Indicator Second Indicator Subfields
LEADER 00000cam a2200000 a 4500
001 in00000089553
005 20151008065414.0
008 820426c19811980dcua bs 00010 eng
010 |a  80008886  
020 |a 0801826357 (pbk.) :  |c $15.00 
035 |a (OCoLC)07346005 
035 |9 AAK5891AM 
039 0 |a 2  |b 3  |c 3  |d 3  |e 3 
040 |a DLC  |c DLC  |d TXA  |d UtOrBLW 
043 |a n-us--- 
049 |a TXAM  |c [1196840] 
050 0 0 |a HD9755  |b .S39 1981 
082 0 |a 380.1/45676/0973  |2 19 
100 1 |a Sedjo, Roger A. 
245 1 0 |a Postwar trends in U.S. forest products trade :  |b a global, national, and regional view /  |c Roger A. Sedjo, Samuel J. Radcliffe. 
264 1 |a Washington, D.C. :  |b Resources for the Future ;  |c 1981. 
264 2 |a Baltimore, Md. :  |b Distributed by Johns Hopkins University Press, 
264 4 |c ©1980 
300 |a xxiii, 595 pages :  |b illustrations ;  |c 25 cm. 
336 |a text  |b txt  |2 rdacontent 
337 |a unmediated  |b n  |2 rdamedia 
338 |a volume  |b nc  |2 rdacarrier 
490 1 |a Research paper ;  |v R-22 
504 |a Includes bibliographical references. 
650 0 |a Lumber trade  |z United States  |x History. 
650 0 |a Forest products industry  |z United States  |x History. 
650 0 |a Forest products  |x Economic aspects  |z United States  |x History. 
700 1 |a Radcliffe, Samuel J. 
830 0 |a RFF research paper ;  |v R-22. 
999 |a MARS 
999 f f |s 3c8f069a-a32c-3bd8-a946-87a6d518f822  |i 8c31d66c-e606-3b82-a0e0-b03e9f759012  |t 0 
952 f f |p ric  |a Texas A&M University  |b Rellis Campus  |c Joint Library Facility  |d Remote Storage  |t 0  |e HD9755 .S39 1981  |h Library of Congress classification  |i unmediated -- volume  |m A14806132276 
998 f f |a HD9755 .S39 1981  |t 0  |l Remote Storage